000 00860cam a2200265 a 4500
001 44948
003 BD-RjUL
005 20211209053936.0
008 031222s2004 enk 001 0 eng d
020 _a9781403904294
020 _a1403904294
035 _a(BD-RjUL)
_aBNB2775.2089
040 _aDLC
_cDLC
_beng
041 _aeng
082 0 _a158.3
_222
_bMIA 2004
100 1 _aMilner, Judith,
_d1941-
_9137760
245 1 0 _aAssessment in counselling :
_btheory, process and decision-making /
_cJudith Milner and Patrick O'Byrne ; consultant editor, Jo Campling.
260 _aBasingstoke :
_bPalgrave Macmillan,
_c2004.
300 _axiii, 232 p. ;
_c22 cm.
504 _aIncludes bibliographical references and index.
650 0 _aCounseling.
_9137761
700 1 _aO'Byrne, Patrick.
_9137762
700 1 _aCampling, Jo.
_9137763
942 _2ddc
_cBK
_01
999 _c44948
_d44948